[Event "33rd Pula Open 2019"]
[Site "Pula"]
[Date "2019.06.24"]
[Round "4.6"]
[White "Bakker, Guido"]
[Black "Medak, Bojan"]
[Result "0-1"]
[WhiteElo "2208"]
[BlackElo "2342"]
[Annotator "NA"]
[PlyCount "78"]
[EventDate "2019.06.22"]
[EventType "swiss"]
[EventCountry "CRO"]
[SourceTitle "playchess.com"]
[Source "ChessBase"]
[SourceQuality "1"]
[TimeControl "5400+30"]

1. d4 {[%emt 0:00:00]} d6 {[%emt 0:00:00]} 2. e4 {[%emt 0:00:00]} Nf6 {[%emt 0:00:00]} 3. Nc3 {[%emt 0:00:30]} g6 {[%emt 0:00:30]} 4. Bg5 {[%emt 0:00:30]} Bg7 {[%emt 0:01:30]} 5. Qd2 {[%emt 0:00:30]} h6 {[%emt 0:00:30]} 6. Bh4 {[%emt 0:00:30]} g5 {[%emt 0:00:00]} 7. Bg3 {[%emt 0:00:30]} Nh5 {[%emt 0:00:00]} 8. O-O-O {[%emt 0:00:30]} Nc6 {[%emt 0:02:30]} 9. Nge2 {[%emt 0:01:30]} e6 {[%emt 0:00:30]} 10. f3 {[%emt 0:01:30]} Nxg3 {[%emt 0:01:30]} 11. hxg3 {[%emt 0:00:30]} Bd7 {[%emt 0:02:30]} 12. f4 {[%emt 0:02:30]} Qf6 {[%emt 0:04:30]} 13. e5 {[%emt 0:05:30]} dxe5 {[%emt 0:00:30]} 14. fxe5 {[%emt 0:02:30]} Qf5 {[%emt 0:12:30]} 15. g4 {[%emt 0:13:30]} Qxg4 {[%emt 0:09:30]} 16. g3 {[%emt 0:05:30]} Ne7 {[%emt 0:11:30]} 17. Bg2 {[%emt 0:07:30]} Bc6 {[%emt 0:05:30]} 18. Bh3 {[%emt 0:03:30]} Qf3 {[%emt 0:01:30]} 19. Rh2 {[%emt 0:03:30]} Nd5 {[%emt 0:08:30]} 20. Bg2 {[%emt 0:15:30]} Qe3 {[%emt 0:02:30]} 21. Qxe3 {[%emt 0:00:30]} Nxe3 {[%emt 0:00:00]} 22. Bxc6+ {[%emt 0:00:00]} bxc6 {[%emt 0:00:00]} 23. Re1 {[%emt 0:02:00]} c5 {[%emt 0:08:30]} 24. Nb5 {[%emt 0:10:30]} O-O {[%emt 0:05:30]} 25. Nxc7 {[%emt 0:05:35]} Rac8 {[%emt 0:00:30]} 26. Na6 {[%emt 0:00:17]} Ng4 {[%emt 0:00:30]} 27. Rhh1 {[%emt 0:00:36]} cxd4 {[%emt 0:00:30]} 28. Nxd4 {[%emt 0:02:13]} Nf2 {[%emt 0:00:30]} 29. Rhf1 {[%emt 0:02:19]} Nd3+ {[%emt 0:00:30]} 30. Kd2 {[%emt 0:00:03]} Nxe1 {[%emt 0:00:30]} 31. Rxe1 {[%emt 0:00:03]} Rfd8 {[%emt 0:00:00]} 32. c3 {[%emt 0:00:09]} Rd5 {[%emt 0:00:00]} 33. Nb4 {[%emt 0:02:08]} Rxe5 {[%emt 0:00:30]} 34. Rxe5 {[%emt 0:00:07]} Bxe5 {[%emt 0:00:30]} 35. Ndc6 {[%emt 0:00:44]} Bd6 {[%emt 0:00:30]} 36. Nxa7 {[%emt 0:00:12]} Ra8 {[%emt 0:00:30]} 37. Nb5 {[%emt 0:03:58]} Bxb4 {[%emt 0:01:30]} 38. cxb4 {[%emt 0:00:05]} Rxa2 {[%emt 0:00:00]} 39. Kc2 {[%emt 0:00:17]} Ra8 {[%emt 0:01:00]} 0-1

[Event "33rd Pula Open 2019"]
[Site "Pula"]
[Date "2019.06.24"]
[Round "4.7"]
[White "Pecnik, Leo"]
[Black "Doncevic, Dario"]
[Result "1-0"]
[WhiteElo "2334"]
[BlackElo "2230"]
[Annotator "NA"]
[PlyCount "61"]
[EventDate "2019.06.22"]
[EventType "swiss"]
[EventCountry "CRO"]
[SourceTitle "playchess.com"]
[Source "ChessBase"]
[SourceQuality "1"]
[TimeControl "5400+30"]

1. e4 {[%emt 0:05:30]} c5 {[%emt 0:00:30]} 2. Nf3 {[%emt 0:00:30]} Nc6 {[%emt 0:00:30]} 3. c3 {[%emt 0:00:30]} d5 {[%emt 0:08:30]} 4. exd5 {[%emt 0:00:30]} Qxd5 {[%emt 0:00:00]} 5. d4 {[%emt 0:00:30]} Bg4 {[%emt 0:04:00]} 6. dxc5 {[%emt 0:11:30]} Qxd1+ {[%emt 0:11:30]} 7. Kxd1 {[%emt 0:00:30]} e5 {[%emt 0:01:30]} 8. b4 {[%emt 0:01:30]} e4 {[%emt 0:05:30]} 9. h3 {[%emt 0:00:00]} O-O-O+ {[%emt 0:03:30]} 10. Kc2 {[%emt 0:01:00]} Bf5 {[%emt 0:03:30]} 11. g4 {[%emt 0:01:30]} Bg6 {[%emt 0:03:30]} 12. Nh4 {[%emt 0:00:30]} Be7 {[%emt 0:01:30]} 13. Nxg6 {[%emt 0:08:30]} hxg6 {[%emt 0:00:30]} 14. Nd2 {[%emt 0:01:30]} Nf6 {[%emt 0:14:30]} 15. g5 {[%emt 0:08:30]} Nd5 {[%emt 0:17:30]} 16. Nxe4 {[%emt 0:00:30]} f5 {[%emt 0:01:30]} 17. gxf6 {[%emt 0:08:30]} gxf6 {[%emt 0:00:30]} 18. Bg2 {[%emt 0:00:30]} f5 {[%emt 0:01:33]} 19. Nd6+ {[%emt 0:00:30]} Bxd6 {[%emt 0:00:35]} 20. Bxd5 {[%emt 0:03:30]} Be5 {[%emt 0:00:21]} 21. Be6+ {[%emt 0:07:30]} Kc7 {[%emt 0:00:01]} 22. Bg5 {[%emt 0:00:30]} Rde8 {[%emt 0:01:51]} 23. Bf7 {[%emt 0:00:30]} Ref8 {[%emt 0:03:35]} 24. Bd5 {[%emt 0:00:30]} f4 {[%emt 0:03:33]} 25. h4 {[%emt 0:02:30]} f3 {[%emt 0:03:41]} 26. Rab1 {[%emt 0:00:30]} Bf4 {[%emt 0:00:24]} 27. b5 {[%emt 0:02:30]} Ne5 {[%emt 0:00:30]} 28. Be7 {[%emt 0:05:30]} b6 {[%emt 0:01:39]} 29. Rb4 {[%emt 0:05:30]} bxc5 {[%emt 0:01:16]} 30. Ra4 {[%emt 0:01:30]} Kb6 {[%emt 0:03:09]} 31. Ra6+ {[%emt 0:02:38]} 1-0

[Event "33rd Pula Open 2019"]
[Site "Pula"]
[Date "2019.06.24"]
[Round "4.8"]
[White "Grishchenko, Sergey"]
[Black "Suta, Andraz"]
[Result "1/2-1/2"]
[WhiteElo "2411"]
[BlackElo "2195"]
[Annotator "NA"]
[PlyCount "32"]
[EventDate "2019.06.22"]
[EventType "swiss"]
[EventCountry "CRO"]
[SourceTitle "playchess.com"]
[Source "ChessBase"]
[SourceQuality "1"]
[TimeControl "5400+30"]

1. d4 {[%emt 0:00:30]} Nf6 {[%emt 0:00:00]} 2. c4 {[%emt 0:00:30]} e6 {[%emt 0:00:00]} 3. Nc3 {[%emt 0:00:30]} Bb4 {[%emt 0:00:30]} 4. e3 {[%emt 0:00:30]} O-O {[%emt 0:00:30]} 5. Nge2 {[%emt 0:01:30]} Re8 {[%emt 0:00:30]} 6. a3 {[%emt 0:04:30]} Bf8 {[%emt 0:00:30]} 7. d5 {[%emt 0:05:30]} a5 {[%emt 0:00:30]} 8. g3 {[%emt 0:00:30]} Na6 {[%emt 0:01:30]} 9. Bg2 {[%emt 0:02:30]} Nc5 {[%emt 0:00:30]} 10. b3 {[%emt 0:03:30]} exd5 {[%emt 0:00:30]} 11. cxd5 {[%emt 0:00:30]} b6 {[%emt 0:01:30]} 12. O-O {[%emt 0:05:30]} Ba6 {[%emt 0:00:30]} 13. Qc2 {[%emt 0:10:30]} Bd3 {[%emt 0:08:30]} 14. Qd1 {[%emt 0:00:30]} Ba6 {[%emt 0:05:30]} 15. Qc2 {[%emt 0:02:30]} Bd3 {[%emt 0:00:30]} 16. Qd1 {[%emt 0:00:30]} Ba6 {[%emt 0:06:30]} 1/2-1/2

[Event "33rd Pula Open 2019"]
[Site "Pula"]
[Date "2019.06.24"]
[Round "4.9"]
[White "Tratar, Marko"]
[Black "Uwira, Oliver"]
[Result "1-0"]
[WhiteElo "2463"]
[BlackElo "2184"]
[Annotator "ChessBase"]
[PlyCount "69"]
[EventDate "2019.06.22"]
[EventType "swiss"]
[EventCountry "CRO"]
[SourceTitle "playchess.com"]
[Source "ChessBase"]
[SourceQuality "1"]
[TimeControl "5400+30"]

1. c4 {[%emt 0:04:30]} e6 {[%emt 0:00:30]} 2. Nf3 {[%emt 0:02:30]} d5 {[%emt 0:00:30]} 3. b3 {[%emt 0:08:30]} Nf6 {[%emt 0:02:30]} 4. Bb2 {[%emt 0:00:30]} Be7 {[%emt 0:00:30]} 5. e3 {[%emt 0:03:30]} O-O {[%emt 0:02:30]} 6. Nc3 {[%emt 0:00:30]} c6 {[%emt 0:06:30]} 7. Qc2 {[%emt 0:12:30]} Nbd7 {[%emt 0:15:30]} 8. d4 {[%emt 0:12:30]} a6 {[%emt 0:06:30]} 9. Bd3 {[%emt 0:00:30]} b5 {[%emt 0:09:30]} 10. c5 {[%emt 0:04:30]} a5 {[%emt 0:02:30]} 11. a3 {[%emt 0:02:30]} Qc7 {[%emt 0:02:30]} 12. h3 {[%emt 0:09:30]} Re8 {[%emt 0:12:30]} 13. Ne2 {[%emt 0:05:30]} Nf8 {[%emt 0:03:30]} 14. Ne5 {[%emt 0:09:31]} N6d7 {[%emt 0:03:30]} 15. f4 {[%emt 0:02:18]} f6 {[%emt 0:00:30]} 16. Nxd7 {[%emt 0:01:46]} Qxd7 {[%emt 0:01:30]} 17. g4 {[%emt 0:00:48]} Bd8 {[%emt 0:00:30]} 18. Ng1 {[%emt 0:01:43]} e5 {[%emt 0:11:06]} 19. dxe5 {[%emt 0:01:20]} fxe5 {[%emt 0:00:11]} 20. Bxe5 {[%emt 0:00:24]} Bh4+ {[%emt 0:02:13]} 21. Ke2 {[%emt 0:01:33]} Bf6 {[%emt 0:01:40]} 22. Nf3 {[%emt 0:02:45]} Qe7 {[%emt 0:01:16]} 23. Rae1 {[%emt 0:06:07]} Bxe5 {[%emt 0:05:08]} 24. Nxe5 {[%emt 0:00:24]} g5 {[%emt 0:00:39]} 25. Kd1 {[%emt 0:02:16]} Ne6 {[%emt 0:05:19]} 26. Nxc6 {[%emt 0:01:35]} Qxc5 {[%emt 0:01:05]} 27. Bxh7+ {[%emt 0:00:46]} Kh8 {[%emt 0:00:05]} 28. Bg6 {[%emt 0:01:36]} Qxc2+ {[%emt 0:01:11]} 29. Kxc2 {[%emt 0:00:46]} Rf8 {[%emt 0:01:09]} 30. f5 {[%emt 0:00:39]} Bb7 {[%emt 0:00:22]} 31. Nd4 {[%emt 0:00:26]} Rac8+ {[%emt 0:00:24]} 32. Kb1 {[%emt 0:00:30]} Nxd4 {[%emt 0:00:23]} 33. exd4 {[%emt 0:00:02]} Rc3 {[%emt 0:00:22]} 34. Kb2 {[%emt 0:00:35]} b4 {[%emt 0:00:10]} 35. h4 {[%emt 0:00:33]} 1-0

[Event "33rd Pula Open 2019"]
[Site "Pula"]
[Date "2019.06.24"]
[Round "4.10"]
[White "Zufic, Miroslav"]
[Black "Van der Zon, Stef"]
[Result "1-0"]
[WhiteElo "2380"]
[BlackElo "2148"]
[Annotator "NA"]
[PlyCount "35"]
[EventDate "2019.06.22"]
[EventType "swiss"]
[EventCountry "CRO"]
[SourceTitle "playchess.com"]
[Source "ChessBase"]
[SourceQuality "1"]
[TimeControl "5400+30"]

1. e4 {[%emt 0:00:30]} c5 {[%emt 0:01:30]} 2. Nf3 {[%emt 0:00:30]} Nc6 {[%emt 0:00:30]} 3. Nc3 {[%emt 0:00:30]} e5 {[%emt 0:00:30]} 4. Bc4 {[%emt 0:00:30]} d6 {[%emt 0:00:30]} 5. d3 {[%emt 0:00:30]} Be7 {[%emt 0:00:30]} 6. Nd2 {[%emt 0:01:30]} Bg5 {[%emt 0:06:30]} 7. a4 {[%emt 0:05:30]} Nf6 {[%emt 0:06:30]} 8. Nf1 {[%emt 0:09:30]} Bxc1 {[%emt 0:10:30]} 9. Qxc1 {[%emt 0:00:30]} O-O {[%emt 0:05:30]} 10. Ne3 {[%emt 0:02:30]} Nh5 {[%emt 0:05:30]} 11. Ncd5 {[%emt 0:14:30]} Be6 {[%emt 0:13:30]} 12. c3 {[%emt 0:02:30]} a6 {[%emt 0:12:30]} 13. Qd1 {[%emt 0:14:30]} Nf4 {[%emt 0:08:30]} 14. g3 {[%emt 0:03:30]} Nh3 {[%emt 0:00:30]} 15. Qh5 {[%emt 0:02:30]} Qg5 {[%emt 0:06:53]} 16. Qxg5 {[%emt 0:02:30]} Nxg5 {[%emt 0:00:04]} 17. h4 {[%emt 0:00:30]} b5 {[%emt 0:02:46]} 18. Ba2 {[%emt 0:02:30]} 1-0

[Event "33rd Pula Open 2019"]
[Site "Pula"]
[Date "2019.06.24"]
[Round "4.11"]
[White "Van der Steen, Jan-Aart"]
[Black "Beletic, Daniel"]
[Result "0-1"]
[WhiteElo "2150"]
[BlackElo "2380"]
[Annotator "NA"]
[PlyCount "54"]
[EventDate "2019.06.22"]
[EventType "swiss"]
[EventCountry "CRO"]
[SourceTitle "playchess.com"]
[Source "ChessBase"]
[SourceQuality "1"]
[TimeControl "5400+30"]

1. e4 {[%emt 0:00:30]} c6 {[%emt 0:10:30]} 2. d4 {[%emt 0:00:00]} d5 {[%emt 0:00:30]} 3. e5 {[%emt 0:00:00]} c5 {[%emt 0:00:30]} 4. dxc5 {[%emt 0:00:00]} e6 {[%emt 0:00:30]} 5. Be3 {[%emt 0:02:00]} Nh6 {[%emt 0:01:30]} 6. c3 {[%emt 0:06:30]} Nf5 {[%emt 0:00:00]} 7. Bd4 {[%emt 0:00:00]} Bd7 {[%emt 0:00:00]} 8. Nf3 {[%emt 0:03:00]} Nc6 {[%emt 0:05:30]} 9. Be2 {[%emt 0:03:30]} Nfxd4 {[%emt 0:02:30]} 10. cxd4 {[%emt 0:00:30]} b6 {[%emt 0:00:00]} 11. cxb6 {[%emt 0:06:30]} Qxb6 {[%emt 0:00:00]} 12. Qd2 {[%emt 0:01:30]} Rb8 {[%emt 0:03:30]} 13. Nc3 {[%emt 0:03:30]} Qxb2 {[%emt 0:00:30]} 14. Qxb2 {[%emt 0:02:30]} Rxb2 {[%emt 0:01:30]} 15. Kd1 {[%emt 0:11:30]} Be7 {[%emt 0:08:30]} 16. Rb1 {[%emt 0:06:30]} Rxb1+ {[%emt 0:00:30]} 17. Nxb1 {[%emt 0:00:30]} O-O {[%emt 0:00:00]} 18. Kd2 {[%emt 0:04:30]} Rb8 {[%emt 0:11:00]} 19. Ke3 {[%emt 0:06:30]} Rb2 {[%emt 0:03:30]} 20. a3 {[%emt 0:04:30]} f6 {[%emt 0:09:30]} 21. exf6 {[%emt 0:03:30]} gxf6 {[%emt 0:00:30]} 22. Rd1 {[%emt 0:04:30]} Bf8 {[%emt 0:02:30]} 23. Nfd2 {[%emt 0:05:30]} e5 {[%emt 0:06:30]} 24. dxe5 {[%emt 0:06:55]} fxe5 {[%emt 0:01:30]} 25. Ba6 {[%emt 0:02:57]} Bh6+ {[%emt 0:05:30]} 26. Ke2 {[%emt 0:02:02]} Nd4+ {[%emt 0:00:30]} 27. Kf1 {[%emt 0:00:55]} Ba4 {[%emt 0:01:30]} 0-1

[Event "33rd Pula Open 2019"]
[Site "Pula"]
[Date "2019.06.24"]
[Round "4.12"]
[White "Jelen, Igor"]
[Black "Rabus, Berthold"]
[Result "1/2-1/2"]
[WhiteElo "2353"]
[BlackElo "2123"]
[Annotator "NA"]
[PlyCount "78"]
[EventDate "2019.06.22"]
[EventType "swiss"]
[EventCountry "CRO"]
[SourceTitle "playchess.com"]
[Source "ChessBase"]
[SourceQuality "1"]
[TimeControl "5400+30"]

1. d4 {[%emt 0:00:00]} d5 {[%emt 0:01:30]} 2. c4 {[%emt 0:00:00]} c6 {[%emt 0:00:30]} 3. Nf3 {[%emt 0:00:00]} Nf6 {[%emt 0:00:30]} 4. e3 {[%emt 0:00:00]} e6 {[%emt 0:00:30]} 5. b3 {[%emt 0:00:30]} Bb4+ {[%emt 0:00:30]} 6. Nbd2 {[%emt 0:00:30]} Nbd7 {[%emt 0:04:30]} 7. Bb2 {[%emt 0:06:30]} O-O {[%emt 0:05:30]} 8. Bd3 {[%emt 0:02:30]} b6 {[%emt 0:05:30]} 9. O-O {[%emt 0:01:30]} Bb7 {[%emt 0:03:30]} 10. e4 {[%emt 0:05:30]} dxe4 {[%emt 0:05:30]} 11. Nxe4 {[%emt 0:00:30]} Be7 {[%emt 0:13:30]} 12. Qe2 {[%emt 0:24:30]} c5 {[%emt 0:05:30]} 13. Rad1 {[%emt 0:02:30]} cxd4 {[%emt 0:04:30]} 14. Nxd4 {[%emt 0:01:30]} Qc7 {[%emt 0:02:30]} 15. Ng5 {[%emt 0:08:30]} Nc5 {[%emt 0:06:30]} 16. Bc2 {[%emt 0:05:30]} h6 {[%emt 0:03:30]} 17. Nb5 {[%emt 0:06:30]} Qc6 {[%emt 0:02:30]} 18. Nf3 {[%emt 0:00:30]} a6 {[%emt 0:01:30]} 19. Nbd4 {[%emt 0:01:30]} Qc7 {[%emt 0:00:30]} 20. Rfe1 {[%emt 0:08:30]} Nce4 {[%emt 0:04:30]} 21. a3 {[%emt 0:02:30]} Rac8 {[%emt 0:03:30]} 22. Nd2 {[%emt 0:03:10]} Nxd2 {[%emt 0:01:30]} 23. Rxd2 {[%emt 0:00:18]} Rfd8 {[%emt 0:09:17]} 24. Rdd1 {[%emt 0:03:04]} Bc5 {[%emt 0:02:28]} 25. Bb1 {[%emt 0:08:19]} Qf4 {[%emt 0:02:17]} 26. Qe3 {[%emt 0:02:30]} Qg4 {[%emt 0:03:03]} 27. Qg3 {[%emt 0:03:15]} Bxd4 {[%emt 0:02:42]} 28. Qxg4 {[%emt 0:00:37]} Bxf2+ {[%emt 0:00:38]} 29. Kxf2 {[%emt 0:00:06]} Nxg4+ {[%emt 0:00:06]} 30. Kg3 {[%emt 0:00:20]} Nf6 {[%emt 0:01:15]} 31. Bd4 {[%emt 0:01:11]} b5 {[%emt 0:01:18]} 32. Bb6 {[%emt 0:01:38]} Rxd1 {[%emt 0:01:15]} 33. Rxd1 {[%emt 0:00:04]} bxc4 {[%emt 0:01:01]} 34. bxc4 {[%emt 0:00:06]} Ne4+ {[%emt 0:00:54]} 35. Bxe4 {[%emt 0:00:43]} Bxe4 {[%emt 0:00:07]} 36. c5 {[%emt 0:00:15]} Bd5 {[%emt 0:00:45]} 37. Rd2 {[%emt 0:00:59]} Kf8 {[%emt 0:00:22]} 38. Kf4 {[%emt 0:00:22]} Ke7 {[%emt 0:00:36]} 39. Ke5 {[%emt 0:00:23]} f6+ {[%emt 0:00:28]} 1/2-1/2

[Event "33rd Pula Open 2019"]
[Site "Pula"]
[Date "2019.06.24"]
[Round "4.13"]
[White "Halfhide, Sebastian"]
[Black "Bucher, Grant W"]
[Result "1-0"]
[WhiteElo "2286"]
[BlackElo "2098"]
[Annotator "NA"]
[PlyCount "55"]
[EventDate "2019.06.22"]
[EventType "swiss"]
[EventCountry "CRO"]
[SourceTitle "playchess.com"]
[Source "ChessBase"]
[SourceQuality "1"]
[TimeControl "5400+30"]

1. e4 {[%emt 0:01:30]} b6 {[%emt 0:00:30]} 2. d4 {[%emt 0:01:30]} Bb7 {[%emt 0:00:00]} 3. Nd2 {[%emt 0:02:30]} e6 {[%emt 0:01:00]} 4. Ngf3 {[%emt 0:01:30]} c5 {[%emt 0:05:30]} 5. c3 {[%emt 0:04:30]} Nf6 {[%emt 0:01:30]} 6. Bd3 {[%emt 0:02:30]} cxd4 {[%emt 0:00:30]} 7. cxd4 {[%emt 0:01:30]} Be7 {[%emt 0:00:30]} 8. O-O {[%emt 0:05:30]} Ba6 {[%emt 0:01:30]} 9. Bxa6 {[%emt 0:03:30]} Nxa6 {[%emt 0:00:00]} 10. d5 {[%emt 0:12:30]} exd5 {[%emt 0:11:00]} 11. e5 {[%emt 0:01:30]} Ne4 {[%emt 0:00:30]} 12. Nxe4 {[%emt 0:01:30]} dxe4 {[%emt 0:00:00]} 13. Nd4 {[%emt 0:01:30]} O-O {[%emt 0:19:00]} 14. Qg4 {[%emt 0:03:30]} g6 {[%emt 0:03:30]} 15. Qxe4 {[%emt 0:03:30]} Re8 {[%emt 0:08:30]} 16. Qg4 {[%emt 0:05:30]} Bf8 {[%emt 0:06:30]} 17. Bg5 {[%emt 0:05:30]} Be7 {[%emt 0:03:30]} 18. Bf4 {[%emt 0:00:30]} Bf8 {[%emt 0:02:30]} 19. Rad1 {[%emt 0:09:30]} h5 {[%emt 0:02:30]} 20. Qh3 {[%emt 0:01:30]} Nc5 {[%emt 0:05:30]} 21. Nb5 {[%emt 0:03:30]} Ne6 {[%emt 0:05:30]} 22. Be3 {[%emt 0:00:30]} Bc5 {[%emt 0:08:57]} 23. f4 {[%emt 0:06:30]} Qe7 {[%emt 0:03:56]} 24. Nd6 {[%emt 0:00:30]} Bxd6 {[%emt 0:03:44]} 25. exd6 {[%emt 0:09:33]} Qd8 {[%emt 0:01:20]} 26. f5 {[%emt 0:00:25]} Nf8 {[%emt 0:00:42]} 27. fxg6 {[%emt 0:00:46]} fxg6 {[%emt 0:00:05]} 28. Qf3 {[%emt 0:00:38]} 1-0

[Event "33rd Pula Open 2019"]
[Site "Pula"]
[Date "2019.06.24"]
[Round "4.14"]
[White "Franciskovic, Borka"]
[Black "Klaric, Zoran"]
[Result "1-0"]
[WhiteElo "2261"]
[BlackElo "2086"]
[Annotator "NA"]
[PlyCount "57"]
[EventDate "2019.06.22"]
[EventType "swiss"]
[EventCountry "CRO"]
[SourceTitle "playchess.com"]
[Source "ChessBase"]
[SourceQuality "1"]
[TimeControl "5400+30"]

1. Nf3 {[%emt 0:00:00]} Nf6 {[%emt 0:01:30]} 2. c4 {[%emt 0:00:00]} g6 {[%emt 0:00:30]} 3. g3 {[%emt 0:00:00]} Bg7 {[%emt 0:00:30]} 4. Bg2 {[%emt 0:00:00]} O-O {[%emt 0:00:30]} 5. O-O {[%emt 0:00:30]} d6 {[%emt 0:00:30]} 6. d4 {[%emt 0:00:30]} Nbd7 {[%emt 0:00:30]} 7. Nc3 {[%emt 0:00:30]} c6 {[%emt 0:00:30]} 8. e4 {[%emt 0:04:30]} e5 {[%emt 0:00:30]} 9. h3 {[%emt 0:00:30]} Re8 {[%emt 0:02:30]} 10. Be3 {[%emt 0:05:30]} exd4 {[%emt 0:00:30]} 11. Nxd4 {[%emt 0:01:30]} Nc5 {[%emt 0:01:30]} 12. Qc2 {[%emt 0:01:30]} Qe7 {[%emt 0:03:30]} 13. Rfe1 {[%emt 0:11:30]} Nfd7 {[%emt 0:08:30]} 14. Rad1 {[%emt 0:10:30]} Nf8 {[%emt 0:03:30]} 15. f4 {[%emt 0:08:30]} Nfe6 {[%emt 0:01:30]} 16. Nde2 {[%emt 0:07:30]} a5 {[%emt 0:01:30]} 17. Qd2 {[%emt 0:04:30]} Bf8 {[%emt 0:02:30]} 18. f5 {[%emt 0:08:30]} Ng7 {[%emt 0:01:30]} 19. Nf4 {[%emt 0:09:30]} Nd7 {[%emt 0:03:30]} 20. g4 {[%emt 0:04:34]} Ne5 {[%emt 0:00:30]} 21. b3 {[%emt 0:00:35]} a4 {[%emt 0:00:30]} 22. Rf1 {[%emt 0:02:34]} f6 {[%emt 0:00:30]} 23. fxg6 {[%emt 0:02:08]} hxg6 {[%emt 0:01:30]} 24. Nfd5 {[%emt 0:01:34]} cxd5 {[%emt 0:01:30]} 25. Nxd5 {[%emt 0:00:06]} Qd8 {[%emt 0:02:30]} 26. Bb6 {[%emt 0:02:09]} f5 {[%emt 0:00:30]} 27. Bxd8 {[%emt 0:00:26]} Rxd8 {[%emt 0:00:30]} 28. exf5 {[%emt 0:02:22]} gxf5 {[%emt 0:00:30]} 29. Qg5 {[%emt 0:01:36]} 1-0

[Event "33rd Pula Open 2019"]
[Site "Pula"]
[Date "2019.06.24"]
[Round "4.15"]
[White "Grbac, Boris"]
[Black "Cumming, Rhys"]
[Result "0-1"]
[WhiteElo "2128"]
[BlackElo "2253"]
[Annotator "NA"]
[PlyCount "120"]
[EventDate "2019.06.22"]
[EventType "swiss"]
[EventCountry "CRO"]
[SourceTitle "playchess.com"]
[Source "ChessBase"]
[SourceQuality "1"]
[TimeControl "5400+30"]

1. e4 {[%emt 0:04:30]} c5 {[%emt 0:00:30]} 2. d4 {[%emt 0:00:30]} cxd4 {[%emt 0:00:00]} 3. c3 {[%emt 0:00:30]} Nf6 {[%emt 0:00:00]} 4. e5 {[%emt 0:00:00]} Nd5 {[%emt 0:00:30]} 5. Nf3 {[%emt 0:00:00]} e6 {[%emt 0:00:30]} 6. cxd4 {[%emt 0:00:30]} d6 {[%emt 0:00:30]} 7. Nc3 {[%emt 0:00:30]} Nxc3 {[%emt 0:05:30]} 8. bxc3 {[%emt 0:00:30]} Qc7 {[%emt 0:00:30]} 9. Bd2 {[%emt 0:03:30]} Nd7 {[%emt 0:04:30]} 10. exd6 {[%emt 0:04:30]} Bxd6 {[%emt 0:00:30]} 11. Bd3 {[%emt 0:00:30]} b6 {[%emt 0:06:30]} 12. O-O {[%emt 0:01:30]} Bb7 {[%emt 0:00:30]} 13. Re1 {[%emt 0:01:30]} O-O {[%emt 0:13:30]} 14. h3 {[%emt 0:11:30]} Rac8 {[%emt 0:10:30]} 15. Qe2 {[%emt 0:13:30]} Bf4 {[%emt 0:04:30]} 16. Rac1 {[%emt 0:05:30]} Bxf3 {[%emt 0:06:30]} 17. gxf3 {[%emt 0:00:30]} Nf6 {[%emt 0:04:30]} 18. Kh1 {[%emt 0:02:30]} Nd5 {[%emt 0:05:30]} 19. c4 {[%emt 0:09:30]} Bxd2 {[%emt 0:02:30]} 20. Qxd2 {[%emt 0:00:00]} Qf4 {[%emt 0:00:30]} 21. Qxf4 {[%emt 0:06:00]} Nxf4 {[%emt 0:00:30]} 22. Bf1 {[%emt 0:00:00]} Rfd8 {[%emt 0:02:30]} 23. Red1 {[%emt 0:03:00]} Kf8 {[%emt 0:00:00]} 24. Kh2 {[%emt 0:00:30]} Rc7 {[%emt 0:01:00]} 25. Rc2 {[%emt 0:02:30]} Rcd7 {[%emt 0:02:30]} 26. Rcd2 {[%emt 0:00:00]} Ng6 {[%emt 0:00:30]} 27. Kg3 {[%emt 0:01:00]} Ke7 {[%emt 0:15:25]} 28. h4 {[%emt 0:07:30]} Kf6 {[%emt 0:01:28]} 29. Bh3 {[%emt 0:02:30]} Rc7 {[%emt 0:02:01]} 30. Rc1 {[%emt 0:01:21]} Ne7 {[%emt 0:03:07]} 31. Kf4 {[%emt 0:00:27]} Nc6 {[%emt 0:00:10]} 32. Ke3 {[%emt 0:00:18]} Na5 {[%emt 0:00:40]} 33. Bf1 {[%emt 0:00:22]} Nb7 {[%emt 0:00:37]} 34. Bd3 {[%emt 0:01:24]} Nd6 {[%emt 0:01:28]} 35. Rdc2 {[%emt 0:05:20]} Rdc8 {[%emt 0:01:53]} 36. c5 {[%emt 0:00:40]} Nf5+ {[%emt 0:00:16]} 37. Bxf5 {[%emt 0:00:04]} Kxf5 {[%emt 0:00:06]} 38. a4 {[%emt 0:01:01]} e5 {[%emt 0:01:28]} 39. c6 {[%emt 0:01:09]} exd4+ {[%emt 0:00:28]} 40. Kd3 {[%emt 0:01:21]} Kf4 {[%emt 0:01:40]} 41. Rc4 {[%emt 0:00:16]} Kxf3 {[%emt 0:01:01]} 42. Kxd4 {[%emt 0:01:04]} Rd8+ {[%emt 0:00:08]} 43. Kc3 {[%emt 0:00:07]} f5 {[%emt 0:03:22]} 44. Kb4 {[%emt 0:00:59]} Rd3 {[%emt 0:00:42]} 45. Kb5 {[%emt 0:02:59]} Rd5+ {[%emt 0:00:01]} 46. Kb4 {[%emt 0:00:27]} Rd3 {[%emt 0:00:01]} 47. Kb5 {[%emt 0:01:01]} Rd5+ {[%emt 0:00:01]} 48. Kb4 {[%emt 0:00:07]} a5+ {[%emt 0:00:04]} 49. Kb3 {[%emt 0:01:07]} Rd3+ {[%emt 0:00:11]} 50. R1c3 {[%emt 0:00:08]} Rxc3+ {[%emt 0:00:12]} 51. Kxc3 {[%emt 0:00:10]} Kxf2 {[%emt 0:00:44]} 52. Kd4 {[%emt 0:00:10]} Kg3 {[%emt 0:00:49]} 53. Kd5 {[%emt 0:00:27]} f4 {[%emt 0:00:52]} 54. Kd6 {[%emt 0:00:06]} Rc8 {[%emt 0:00:16]} 55. Kd7 {[%emt 0:02:30]} Ra8 {[%emt 0:00:01]} 56. Kc7 {[%emt 0:00:18]} f3 {[%emt 0:00:23]} 57. Kxb6 {[%emt 0:00:26]} f2 {[%emt 0:00:29]} 58. Rc1 {[%emt 0:00:17]} Kxh4 {[%emt 0:00:44]} 59. Kb7 {[%emt 0:00:09]} Rf8 {[%emt 0:00:31]} 60. c7 {[%emt 0:00:12]} g5 {[%emt 0:01:15]} 0-1